Logo BPK

Biblioteka

Politechniki Koszalińskiej

Trenije i iznos v ekstremal'nych uslovijach : (Rekord nr 23548)

Szczegóły MARC
000 -ETYKIETA REKORDU
podpole kontrolne o stałej długości 00469nam a2200169 i 4500
001 - NUMER KONTROLNY REKORDU
pole kontrolne bg
040 ## - ŹRÓDŁO KATALOGOWANIA
Instytucja, która utworzyła rekord BPK
041 ## - KOD JĘZYKA
Kod języka tekstu pol
080 ## - UNIWERSALNA KLASYFIKACJA DZIESIĘTNA - UKD
UKD 621.89+539.3/.6
008 - POLE O STAŁEJ DŁUGOŚCI - DANE KONTROLNE
podpole kontrolne o stałej długości s pl f |000 0 pol
100 1# - NAZWA OSOBOWA
Nazwa osobowa DROZDOV, Jurij N.
245 #0 - TYTUŁ/ODPOWIEDZIALNOŚĆ
Tytuł Trenije i iznos v ekstremal'nych uslovijach :
Ciąg dalszy tytułu spravocnik /
Pozostałe elementy strefy tytułu i oznaczenia odpowiedzialności J.N. Drozdov, V.G. Pavlov, V.N. Puckov.
260 ## - STREFA ADRESU WYDAWNICZEGO
Miejsce wydania Moskva,
Data publikacji, dystrybucji/powstania dokumentu 1986.
700 1# - HASŁO DODATKOWE - NAZWA OSOBOWA
Nazwa osobowa PAVLOV, Vjaceslav G.
700 1# - HASŁO DODATKOWE - NAZWA OSOBOWA
Nazwa osobowa PUCKOV, Vladimir N.
942 ## - DODATKOWE ELEMENTY (KOHA)
Typ dokumentu Książka
Egzemplarze
Wycofany Status egzemplarza Uszkodzony Dostępność Lokalizacja stała Lokalizacja bieżąca Miejsce przechowywania Sygnatura Kod kreskowy Typ dokumentu
      Dostępny Biblioteka Politechniki Koszalińskiej Biblioteka Politechniki Koszalińskiej Wypożyczalnia BG 33686 01586909 Książka
© 2023 Biblioteka Politechniki Koszalińskiej :: KOHA